000 00208 a2200097 4500
001 47619
100 _aFrank W
245 _aSea wolves
260 _aLondon
_bWeidenfeld & Nicolson
_c
090 _c30631
_d30631
942 _aNUST-CAE
_cM
_c22927
999 _c282692
_d282692